Представление документа в формате MARC21

Поле Инд. ПП Название Значение
Тип записи a
Библиографический уровень b
001 Контрольный номер RU/IS/BASE/235046351
005 Дата корректировки 20220302141922.8
040 b Код языка каталог. rus
e Правила каталог. PSBO
041 0_ a Код языка текста rus
084 a Индекс другой классификации/Индекс ББК 83.3(2=411.2)5
100 1_ a Автор Митин Д. И.
245 10 a Заглавие Концепция поэтического творчества в лирике М. Н. Муравьева
504 a Библиография Библиогр. - Примеч.: с. 73
600 14 a Персоналии Муравьев Михаил Никитич
650 04 a Основная рубрика история литературы
a Основная рубрика литературоведение
a Основная рубрика филологические науки
653 0_ a Ключевые слова XVIII век
a Ключевые слова лирика
a Ключевые слова поэзия
a Ключевые слова поэтическое творчество
a Ключевые слова Россия
a Ключевые слова русская литература
a Ключевые слова сентиментализм
a Ключевые слова стихотворения
773 0_ t Заглавие источника Вестник Московского университета. Серия 9, Филология
d Дата издания источника 2007
g Прочая информация № 1. - С. 67 - 73
w Контрольный № источника RU/IS/BASE/229700507
901 t Тип документа b